| 000 | 02106cpcaa2200457 4500 | ||
|---|---|---|---|
| 001 | mm 98084247 | ||
| 003 | DLC | ||
| 005 | 20260227111727.0 | ||
| 007 | cr ||||||||||| | ||
| 008 | 980715|||||||||||| eng | ||
| 010 | _amm 98084247 | ||
| 040 |
_aDLC _cDLC _edacs _dDLC |
||
| 072 | 7 |
_aB _2lcmd |
|
| 100 | 1 |
_aCummings, Harry S., _d1866-1917. |
|
| 245 | 0 | 0 |
_aHarry S. Cummings papers, _f1890-1986 _g(bulk 1890-1917). |
| 300 |
_a50 _fitems. |
||
| 300 |
_a2 _fcontainers. |
||
| 300 |
_a0.6 _flinear feet. |
||
| 506 | 0 | _aOpen to research. | |
| 520 | 8 | _aCorrespondence, scrapbooks, and ephemera relating to Cummings's political activities in national and local Republican Party politics and his service on the city council in Baltimore, Md. Documents his efforts to fight racial segregation legislation in the city of Baltimore and his work in support of education for African Americans. | |
| 545 | 0 | _aAfrican American politician and lawyer from Baltimore, Md. | |
| 546 | _aCollection material in English. | ||
| 555 | 8 |
_aFinding aid available in the Library of Congress Manuscript Reading Room and at _uhttp://hdl.loc.gov/loc.mss/eadmss.ms010183 |
|
| 610 | 1 | 0 |
_aBaltimore (Md.). _bCity Council. |
| 610 | 2 | 0 | _aRepublican Party (U.S. : 1854- ) |
| 650 | 0 | _aAfrican American politicians. | |
| 650 | 0 |
_aAfrican Americans _xCivil rights. |
|
| 650 | 0 |
_aAfrican Americans _xEducation. |
|
| 650 | 0 |
_aCity councils _zMaryland _zBaltimore. |
|
| 650 | 0 |
_aCivil rights _zMaryland _zBaltimore. |
|
| 650 | 0 |
_aSegregation _zMaryland _zBaltimore. |
|
| 651 | 0 |
_aBaltimore (Md.) _xPolitics and government. |
|
| 651 | 0 |
_aBaltimore (Md.) _xRace relations. |
|
| 651 | 0 |
_aUnited States _xPolitics and government _y1865-1933. |
|
| 656 | 7 |
_aLawyers. _2itoamc |
|
| 656 | 7 |
_aPoliticians. _2itoamc |
|
| 856 | 4 |
_3Finding aid _uhttp://hdl.loc.gov/loc.mss/eadmss.ms010183 |
|
| 856 | 4 |
_3Finding aid (PDF) _uhttp://hdl.loc.gov/loc.mss/eadmss.ms010183.3 |
|
| 999 |
_c44487 _d44487 |
||